000 00861nam a2200229Ii 4500
003 JO-AjNU
008 230605s9999||||xx |||||||||||||| ||und||
017 _a41/1994
020 _a99921-23-02-8
040 _aJO-AjNU
_bara
_erda
_cJO-AjNU
041 _aara
050 1 4 _aBP131.5.S29.1994
100 3 _aالسيوطي، جلال الدين؛ تحقيق ودراسة احمد بن محمد الحمادي,
_eauthor
_964172
245 0 0 _aقطف الازهار في كشف الاسرار، ج1
250 _aط1
264 3 1 _aقطر: وزارة الاوقاف والشؤون الاسلامية، 1994
300 _aج1: 675ص
_bيحتوي على آيات قرآنية واحاديث نبوية
336 _atext
_btxt
_2rdacontent
337 _aunmediated
_bn
_2rdamedia
338 _avolume
_bnc
_2rdacarrier
650 4 _aالقرآن-تفاسير
_964173
999 _aA29147
_c32715
_d32715